| 000 | 00337nam a2200145Ia 4500 | ||
|---|---|---|---|
| 008 | 230917s9999||||xx |||||||||||||| ||und|| | ||
| 040 |
_e35115 _aMAIN |
||
| 041 | _aEnglish | ||
| 082 | _a342.595 R311H | ||
| 100 | _aResearch Board | ||
| 245 | 0 | _aHow Malaysia is governed | |
| 260 |
_aDelhi _bResearch |
||
| 300 | _a91 p. | ||
| 942 | _cBK | ||
| 999 |
_c199391 _d199391 |
||